000 00615nam a22002177a 4500
003 UA-OsUOA
001 41538
007 ta
008 20080919b un ||||| |||| 00| 0 ukr d
090 _a27/82.6
_bД22
942 _cBK
040 _aUA-OsUOA
_bukr
_cUA-OsUOA
_dUA-OsUOA
245 _aДванадцять листів о. Андрея Шептицького до матері.
300 _a72 с.
955 _a4
041 _aukr
080 _a27/82.6
260 _aФілідельфія
_c1985
650 7 _a27 Загальна історія Християнської церкви
_2UDC
999 _c440038
_d440038